LIBRARY & INFORMATION CENTRE, KCAET, TAVANUR

ONLINE PUBLIC ACCESS CATALOGUE (OPAC)

Infiltration and water advance studies under surge flow furrow irrigation (Record no. 15273)

MARC details
000 -LEADER
fixed length control field 00610nam a22001697a 4500
003 - CONTROL NUMBER IDENTIFIER
control field OSt
088 ## - REPORT NUMBER
Report number T 32
100 ## - MAIN ENTRY--AUTHOR NAME
Personal name REMA K. P
245 ## - TITLE STATEMENT
Title Infiltration and water advance studies under surge flow furrow irrigation
260 ## - PUBLICATION, DISTRIBUTION, ETC. (IMPRINT)
Place of publication Tavanur 1993
Name of publisher Kelappaji College of Agricultrual Engineering and Technology
300 ## - PHYSICAL DESCRIPTION
Number of Pages 175
500 ## - GENERAL NOTE
General note Infiltration and water advance studies under surge flow furrow irrigation
520 ## - SUMMARY, ETC.
Summary, etc Infiltration and water advance studies under surge flow furrow irrigation
700 ## - ADDED ENTRY--PERSONAL NAME
Personal name Er. Xavier K. Jacob (Guide)
942 ## - ADDED ENTRY ELEMENTS (KOHA)
Koha item type Theses
Holdings
Collection code Home library Current library Shelving location Full call number Accession Number Koha item type Public note
Reference KAUAET KAUAET Reference 631.75807 REM/IN T 32 Theses M.Tech Thesis
free website counter